00401 a2200145 4500001000700000003000400007005001700011008004100028082001700069100002000086245009000106260002900196300001000225700002000235131593OSt20210915143823.0  a519.23bA55S1 aAsmussen, Soren1 aStochastic simulation : algorithms and analysiscby Soren Asmussen and Peter W. Glynn aNew yorkbSpringerc2007 a476p. aGlynn, Peter W.